Como ver un cuadro; del arte tradicional al informalismo /
Guardado en:
| Autor Principal: | |
|---|---|
| Formato: | Libro |
| Publicado: |
Buenos Aires :
Atlántida,
1962
|
| Edición: | 4a. ed. |
| Materias: | |
| Etiquetas: |
Agregar Etiqueta
Sin Etiquetas, Sea el primero en etiquetar este registro!
|
| LEADER | 00634nam a22001935a 4500 | ||
|---|---|---|---|
| 001 | CEM.cems001899 | ||
| 005 | 20060215000000.0 | ||
| 008 | 130507s1962##################000#0#####d | ||
| 003 | CEMS | ||
| 082 | 0 | 4 | |a 751 |
| 100 | 1 | |a Cordova Iturburu, Cayetano | |
| 245 | 1 | 0 | |a Como ver un cuadro; del arte tradicional al informalismo / |
| 250 | |a 4a. ed. | ||
| 260 | |a Buenos Aires : |b Atlántida, |c 1962 | ||
| 300 | |a 228 p. | ||
| 653 | |a Pintura | ||
| 859 | |a CEMS |b BIB. CEMS - 11 de abril |h 751 |i C812A4 |p 17210.93 |t Ej.3 | ||
| 859 | |a CEMS |b BIB. CEMS - 11 de abril |h 751 |i C812A4 |p 3687.75 |t Ej.1 | ||
| 859 | |a CEMS |b BIB. CEMS - 11 de abril |h 751 |i C812A4 |p 4853.76 |t Ej.2 | ||
